Σχεδιασμός ευφυούς συστήματος για τη δημιουργία τραπεζιών με τη χρήση γενετικού αλγορίθμου : διπλωματική εργασία
Στόχος της εργασίας αυτής είναι ο σχεδιασμός ενός ευφυούς συστήματος για τη δημιουργία τραπεζιών με την χρήση γενετικού αλγορίθμου. Το σύστημα έχει σκοπό να ενισχύει το στάδιο του εννοιολογικού σχεδιασμού της σχεδιαστικής διαδικασίας. Αποτελεί μια πρόταση ενός σχεδιαστικού εργαλείου που βοηθά στην α...
Αποθηκεύτηκε σε:
| Κύριος συγγραφέας: | |
|---|---|
| Συγγραφή απο Οργανισμό/Αρχή: | |
| Άλλοι συγγραφείς: | |
| Μορφή: | Thesis Βιβλίο |
| Γλώσσα: | Greek |
| Δημοσίευση: |
2012
|
| Θέματα: | |
| Διαθέσιμο Online: | http://hdl.handle.net/11610/9032 |
| Ετικέτες: |
Προσθήκη ετικέτας
Δεν υπάρχουν, Καταχωρήστε ετικέτα πρώτοι!
|
MARC
| LEADER | 00000cam a2200000 i 4500 | ||
|---|---|---|---|
| 001 | 1/26442 | ||
| 008 | 130225s2012 gre d | ||
| 035 | |l 10113833 | ||
| 040 | |a GR-MY-UA |b gre |e aacr | ||
| 041 | 0 | |a gre | |
| 082 | 0 | |a 620.00420285 |2 (22) | |
| 100 | 1 | |a Μπακογιάννη, Αγγελική. | |
| 245 | 1 | 0 | |a Σχεδιασμός ευφυούς συστήματος για τη δημιουργία τραπεζιών με τη χρήση γενετικού αλγορίθμου : |b διπλωματική εργασία / |c Αγγελική Μπακογιάννη ; επιβλέπων καθηγητής: Βασίλειος Μουλιανίτης |
| 260 | |c 2012 | ||
| 300 | |a 134 φύλλα; |b εικ.; |c 30 εκ. | ||
| 500 | |a Διάθεση πλήρους κειμένου περιορισμένης πρόσβασης (μόνο από μέλη του Παν. Αιγαίου), με κλειδωμένη τη δυνατότητα αντιγραφής του κειμένου | ||
| 502 | |a Πτυχιακή εργασία – Πανεπιστήμιο Αιγαίου, Σύρος, 2012. | ||
| 504 | |a Βιβλιογραφία: σ. 128-134 | ||
| 520 | |a Στόχος της εργασίας αυτής είναι ο σχεδιασμός ενός ευφυούς συστήματος για τη δημιουργία τραπεζιών με την χρήση γενετικού αλγορίθμου. Το σύστημα έχει σκοπό να ενισχύει το στάδιο του εννοιολογικού σχεδιασμού της σχεδιαστικής διαδικασίας. Αποτελεί μια πρόταση ενός σχεδιαστικού εργαλείου που βοηθά στην ανάπτυξη σχεδίων, που δίνει ώθηση στη δημιουργικότητα του σχεδιαστή. | ||
| 650 | 0 | 0 | |a Computer-aided design. |
| 650 | 0 | 0 | |a Evolutionary programming (Computer science) |
| 650 | 0 | 0 | |a Genetic algorithms. |
| 650 | 0 | 0 | |a Engineering design |x Data processing. |
| 650 | 0 | 0 | |a Dissertations, Academic |z Greece. |
| 700 | 1 | |a Μουλιανίτης, Βασίλης Ε. |4 ths | |
| 710 | 2 | |a Πανεπιστήμιο Αιγαίου. |b Τμήμα Μηχανικών Σχεδίασης Προϊόντων και Συστημάτων. | |
| 852 | |a INST |b SYROS |c DIATR |e 20130417 |h 620.00420285 ΜΠΑ |p 005500010660 |q 005500010660 |t DIE |y 23 | ||
| 852 | |a INST |b SYROS |c DIATR |e 20130417 |h 620.00420285 ΜΠΑ |p 005500010661 |q 005500010661 |t DIE |y 23 | ||
| 856 | |u http://hdl.handle.net/11610/9032 | ||
| 901 | |a BIBL5-2012-1 | ||
| 909 | |a Ε |b 174108 | ||
| 909 | |a Ε |b 174109 | ||
| 924 | |a ΜΠΑΚΟΓΙΑΝΝΗ |b ΑΓΓΕΛΙΚΗ |y ΣΥΡΟΣ |z 2012-10 | ||
| 970 | |a ΚΟΝΤΟΥ |b ΠΑΡΑΣΚΕΥΗ |z 2013/02/25 | ||